LEADER 02100oas 2200625 a 450 001 9910693445203321 005 20251106213014.0 011 $a2151-8289 035 $a(OCoLC)428452647 035 $a(CONSER) 2009231335 035 $a(CKB)1000000000803357 035 $a(EXLCZ)991000000000803357 100 $a20090729a20059999 ua a 101 0 $aeng 135 $aur||||||||||| 181 $ctxt$2rdacontent 182 $cc$2rdamedia 183 $acr$2rdacarrier 200 00$aGenetic variation in vegetables and their wild relatives as influenced by environment and pollination vectors ... annual report 210 $a[Washington, D.C.] $cU.S. Dept. of Agriculture, Agricultural Research Service 215 $cHTML files 531 0 $aGenet. var. veg. wild relat. influ. environ. pollinat. vectors annu. rep. 606 $aVegetables$xGenetics$vPeriodicals 606 $aGenotype-environment interaction$vPeriodicals 606 $aPhenotype$vPeriodicals 606 $aGenotype-environment interaction$2fast$3(OCoLC)fst00940233 606 $aPhenotype$2fast$3(OCoLC)fst01060531 606 $aVegetables$xGenetics$2fast$3(OCoLC)fst01164805 608 $aPeriodicals.$2fast 608 $aPeriodicals.$2lcgft 615 0$aVegetables$xGenetics 615 0$aGenotype-environment interaction 615 0$aPhenotype 615 7$aGenotype-environment interaction. 615 7$aPhenotype. 615 7$aVegetables$xGenetics. 676 $a635.0423 712 02$aPlant Biological and Molecular Processes National Program (U.S.) 712 02$aUnited States.$bAgricultural Research Service. 801 0$bGPO 801 1$bGPO 801 2$bDLC 801 2$bGPO 801 2$bOCLCQ 801 2$bOCLCF 801 2$bOCLCQ 801 2$bOCLCA 801 2$bGILDS 801 2$bOCLCQ 801 2$bOCLCL 801 2$bOCLCQ 906 $aJOURNAL 912 $a9910693445203321 996 $aGenetic variation in vegetables and their wild relatives as influenced by environment and pollination vectors ... annual report$93203392 997 $aUNINA